[Event "Winter 2018 CCCSA-GM A"]
[Site "Charlotte"]
[Date "2018.01.12"]
[Round "3"]
[White "Panchanathan, Magesh Chandran"]
[Black "Wang, Kevin"]
[Result "1/2-1/2"]
[WhiteElo "2486"]
[BlackElo "2380"]
[Annotator "TA"]
[PlyCount "93"]
[EventDate "2018.01.11"]
[EventType "tourn"]
[EventCountry "USA"]
[SourceTitle "playchess.com"]
[Source "ChessBase"]
[SourceQuality "1"]

{[%evp 19,93,13,21,4,6,0,0,0,13,10,13,0,3,0,0,0,0,0,0,-11,0,-24,-27,-72,-44,-75,-75,-160,-145,-376,-364,-410,-121,-107,-82,-276,0,0,-18,0,0,0,14,8,9,-74,-50,-92,-97,-179,-192,-188,-207,-253,-204,-328,-325,-456,-471,-464,-166,-150,-54,-56,0,0,0,0,0,0,0,0,0,0,0,0]} 1. c4 e6 2. Nf3 d5 3. d4 Nf6 4. Nc3 a6 5. cxd5 exd5 6. Bg5 {D37: Queen's Gambit Declined: 5 Bf4} Be6 7. e3 Nbd7 8. Bd3 h6 9. Bh4 Bd6 10. O-O O-O {LiveBook: 6 Games} 11. a3 $146 ({Find the theoretical novelty and annotate with similar games:} 11. Rc1 Re8 12. a3 c6 13. Bg3 Bxg3 14. hxg3 {0-1 (65) Ding,L (2774)-Carlsen,M (2837) Saint Louis 2017}) 11... c6 12. Bg3 Bxg3 13. hxg3 Bg4 14. Qc2 Re8 15. Rfc1 Qe7 16. Na4 Ne4 17. Bxe4 dxe4 18. Nd2 Bf5 19. Qb3 Rab8 20. Nc5 Nf6 21. a4 a5 $1 {aiming for ...b6.} 22. Nc4 Ng4 23. Qb6 (23. Qc3 $142) 23... Qg5 $1 $17 24. Qc7 $2 (24. Kf1 $17) 24... Qh5 $19 25. Qf4 Be6 $2 (25... b6 $19 {and Black stays clearly on top.} 26. Na6 Rbd8) 26. Nxe6 $17 {And now Nc5 would win.} fxe6 27. Qxe4 $2 (27. Ne5 $17 Qh2+ 28. Kf1 Nxe5 29. dxe5) 27... Rf8 $2 (27... e5 $1 $19 {[%cal Re5d4]} 28. Nxe5 Rxe5 29. dxe5 Rf8) 28. f4 $1 $11 Qh2+ $40 {[%mdl 128] Black is up to no good.} 29. Kf1 Qxg3 {[%csl Gg4][%cal Rg3f2]} 30. Ke2 $1 ({Not} 30. Qxe6+ $2 Kh8 $19) 30... b5 31. axb5 cxb5 32. Nd2 {[#]} (32. Qf3 $11 Qxf3+ 33. Kxf3 Nh2+ 34. Kg3 bxc4 35. Kxh2) 32... e5 $1 $17 {[%cal Re5d4][%mdl 512]} 33. Qf3 ({But not} 33. fxe5 $2 Rf2+ 34. Kd3 Rxg2 $19) (33. dxe5 Qf2+) 33... exf4 34. e4 (34. Qxg3 $17 fxg3 35. Rf1) 34... Qh4 $19 35. Rxa5 Nh2 36. Qf2 {[#]} Qh5+ $1 37. Nf3 (37. Ke1 $142) 37... Ng4 38. Qh4 (38. Qg1 {is a better defense.} Qg6 39. Nd2) 38... Qg6 39. Nd2 Rbd8 $2 (39... Rbe8 40. Kf3 Ne3) 40. Ra7 {[#] Rcc7 is the strong threat.} Rxd4 ({Better is} 40... Rfe8 $1 $17 {[%cal Re8e4] White must now prevent ...Rxe4+.} 41. Re7 Rxe7 42. Qxe7 Re8) 41. Rcc7 $1 $15 {[%cal Rc7g7]} Rxe4+ (41... Nf6 $1 $15 42. Rxg7+ Qxg7 43. Rxg7+ Kxg7 44. Qxf4 Rfd8 45. Qg3+ Kh7) 42. Nxe4 $11 {The position is equal.} Qxe4+ 43. Kd2 Qd4+ 44. Kc1 Qg1+ 45. Kd2 Qd4+ 46. Kc1 Qg1+ 47. Kd2 {Precision: White = 36%, Black = 56%.} 1/2-1/2

[Event "Winter 2018 CCCSA-GM A"]
[Site "Charlotte"]
[Date "2018.01.12"]
[Round "3"]
[White "Bartholomew, John"]
[Black "Arribas Lopez, Angel"]
[Result "1/2-1/2"]
[WhiteElo "2459"]
[BlackElo "2483"]
[Annotator "TA"]
[PlyCount "22"]
[EventDate "2018.01.11"]
[EventType "tourn"]
[EventCountry "USA"]
[SourceTitle "playchess.com"]
[Source "ChessBase"]
[SourceQuality "1"]

{[%evp 20,22,25,25,27]} 1. d4 d6 2. e4 Nf6 3. Nc3 e5 4. dxe5 dxe5 5. Qxd8+ Kxd8 6. Bc4 Ke8 7. Nf3 Bd6 8. Bg5 Nbd7 9. O-O-O {B07: Pirc-Ufimzew-Verteidigung} h6 10. Bh4 a6 11. a4 {LiveBook: 57 Partien} Nh5 $146 ({Vorgänger:} 11... Kf8 12. Nd2 Be7 13. f3 Ne8 14. Bxe7+ Kxe7 15. Nd5+ Kf8 16. a5 Ndf6 {½-½ (92) Gagunashvili,M (2569)-Jobava,B (2672) Tbilisi 2016}) 1/2-1/2

[Event "Winter 2018 CCCSA-GM A"]
[Site "Charlotte"]
[Date "2018.01.11"]
[Round "3"]
[White "Shmeliov, Denis"]
[Black "Escobar Forero, Alder"]
[Result "1-0"]
[WhiteElo "2420"]
[BlackElo "2482"]
[Annotator "TA"]
[PlyCount "115"]
[EventDate "2018.01.11"]
[EventType "tourn"]
[EventCountry "USA"]
[SourceTitle "playchess.com"]
[Source "ChessBase"]
[SourceQuality "1"]

{[%evp 14,115,70,61,60,54,68,60,70,68,68,71,81,65,71,57,54,40,50,34,57,36,41,54,51,51,56,31,47,59,61,48,62,41,35,31,32,16,14,-8,22,0,33,27,31,31,38,37,44,31,37,45,45,45,33,35,50,48,68,24,46,46,46,42,38,40,63,76,118,58,207,203,232,220,387,389,374,345,346,343,335,342,333,329,345,328,324,317,337,287,309,307,626,605,656,647,777,670,1541,873,1410,694,1022,600]} 1. d4 {[%cal Bd2d4,Bd4d5][%mdl 32]} c5 2. d5 d6 3. e4 g6 4. Nf3 Bg7 5. Be2 Nf6 6. Nc3 O-O 7. O-O Nbd7 8. h3 {LiveBook: 9 Partien} Rb8 {A43: Alt-Benoni} (8... Ne8 9. Bf4 Ne5 10. a4 h6 11. Nxe5 dxe5 12. Be3 b6 13. Qd2 Kh7 14. a5 Bd7 15. Ra2 f5 16. exf5 gxf5 {0-1 (30) Laursen,N (2316)-Andersen,J (2343) Denmark 2016}) 9. a4 Ne8 10. Bf4 a6 {Weiß steht etwas besser.} 11. a5 b5 $146 ({Vorgänger:} 11... Nc7 12. Nd2 Nb5 13. Nxb5 axb5 14. Bxb5 Bxb2 15. Ra2 Bg7 16. Nc4 {½-½ (42) Mucha,R (2088)-Krupa,K (2116) Polanica Zdroj 2007}) 12. axb6 $1 Rxb6 13. Ra2 Nc7 14. Nd2 Rb4 15. Nc4 Nb6 16. Nxb6 Rxb6 17. Bd2 Bd7 18. b3 Qc8 19. Na4 Rb7 20. Nb2 Nb5 21. Nc4 Rb8 22. Qe1 Re8 23. Ne3 e6 24. Bxb5 axb5 25. Bc3 e5 26. Qd2 Bh6 27. b4 c4 (27... Bxh3 $5 28. Qe2 (28. gxh3 Qxh3 29. Rfa1 Bf4 $11) 28... Bd7 $15) 28. Rfa1 Qd8 29. Ra7 Re7 30. Qe2 Bc8 31. R7a5 (31. Bd2 {is interesting.} Rxa7 32. Rxa7 Qb6 33. Ra5 Bg7 34. Ng4) 31... Qf8 32. Ra8 Reb7 33. Rxb8 Rxb8 34. Ra7 Bg5 35. Bd2 Bf6 36. Nd1 Bd8 37. Be3 $36 {[%mdl 2048] Weiss drückt.} Qe8 38. Nc3 Bd7 39. Qe1 Be7 40. Qa1 f5 41. f3 ({Günstiger ist} 41. Qa5 $16) 41... h5 {[#]} (41... Bc8 $14) 42. Qa5 $1 $18 Bd8 43. Qa6 Qe7 $2 (43... Be7 {war einen Versuch wert.} 44. h4 Qd8) 44. Bf2 ({Schwächer ist} 44. Bc5 dxc5 45. Qxg6+ Kf8 $14) 44... f4 45. h4 (45. Bc5 dxc5 46. Qxg6+ Kf8 $14) 45... Kf8 46. Kf1 {[%cal Bg1f1,Bf1e2,Be2d2,Bd2c1,Bc1b2,Bb2b3][%mdl 32]} Kf7 47. Ke2 Kf8 48. Kd2 Kf7 49. Kc1 Kf8 {Schwarz hofft, mit ...Kg7 fortzusetzen.} 50. Kb2 Kf7 51. Ne2 {[%cal Bc3e2,Be2g1,Bg1h3,Bh3g5][%mdl 32]} Ke8 52. Ng1 ({Nicht} 52. Bc5 dxc5 53. Qxg6+ Kf8 $14) 52... Rc8 $2 (52... Kf8 53. Nh3 Rc8) 53. Nh3 {Weiß steht klar auf Gewinn.} c3+ 54. Kb3 Bc7 55. Ng5 Qg7 56. Qb7 Bd8 {[#]} 57. Bb6 (57. Qxc8 $142 $1 {[%mdl 512]} Bxc8 58. Rxg7) 57... Qe7 58. Ra8 {Precision: Weiß = 66%, Schwarz = 40%.} 1-0

[Event "Winter 2018 CCCSA-GM A"]
[Site "Charlotte"]
[Date "2018.01.11"]
[Round "3"]
[White "Brodsky, David"]
[Black "Korley, Kassa"]
[Result "1/2-1/2"]
[WhiteElo "2405"]
[BlackElo "2387"]
[Annotator "ChessBase"]
[PlyCount "140"]
[EventDate "2018.01.11"]
[EventType "tourn"]
[EventCountry "USA"]
[SourceTitle "playchess.com"]
[Source "ChessBase"]
[SourceQuality "1"]
[TimeControl "5400+30"]

1. e4 e5 2. Nf3 Nf6 3. Nxe5 d6 4. Nf3 Nxe4 5. c4 Be7 6. d4 O-O 7. Bd3 Nf6 8. O-O Bg4 9. Be3 c6 10. Nbd2 d5 11. c5 Nbd7 12. Qc2 Bh5 13. Ne5 Bg6 14. Nxg6 hxg6 15. Nf3 Qc7 16. g3 Rfe8 17. Rfe1 Nf8 18. Re2 Qc8 19. Rae1 Bd8 20. b4 a6 21. Bc1 Rxe2 22. Qxe2 Bc7 23. Kg2 Qd7 24. Ne5 Bxe5 25. dxe5 Ne8 26. h4 a5 27. b5 Nc7 28. a4 Nce6 29. Ba3 Qe7 30. bxc6 bxc6 31. Qg4 Rb8 32. Bc2 d4 33. Qe4 Nxc5 34. Qxd4 Nfe6 35. Qc3 Qa7 36. Rd1 Nd7 37. Rd6 c5 38. Bxg6 Qb7+ 39. f3 Nb6 40. Bc2 Nd5 41. Qd2 Nb4 42. Be4 Qc7 43. h5 c4 44. Bb2 Nd3 45. Bxd3 cxd3 46. Rxd3 Qc4 47. Rd6 Qxa4 48. Bc3 Rc8 49. Qb2 Qc4 50. Bxa5 Ra8 51. Qd2 Qb5 52. Rd5 Qb1 53. Rd6 Qf5 54. h6 gxh6 55. Bc3 Ng5 56. Rd8+ Rxd8 57. Qxd8+ Kh7 58. Qd5 Qh3+ 59. Kf2 Qh2+ 60. Ke3 Qg1+ 61. Kf4 Ne6+ 62. Kg4 Qh2 63. Qd3+ Kg8 64. f4 Qg2 65. Kf5 Ng7+ 66. Kg4 h5+ 67. Kg5 Qh3 68. Qd8+ Kh7 69. Qd3+ Kg8 70. Qd8+ Kh7 1/2-1/2

[Event "Winter 2018 CCCSA-GM A"]
[Site "Charlotte"]
[Date "2018.01.13"]
[Round "4"]
[White "Arribas Lopez, Angel"]
[Black "Shmeliov, Denis"]
[Result "0-1"]
[WhiteElo "2483"]
[BlackElo "2420"]
[Annotator "TA"]
[PlyCount "72"]
[EventDate "2018.01.11"]
[EventType "tourn"]
[EventCountry "USA"]
[SourceTitle "playchess.com"]
[Source "ChessBase"]
[SourceQuality "1"]

{[%evp 14,72,29,15,30,12,17,18,18,19,35,16,32,16,21,11,17,26,27,33,40,18,26,31,27,16,18,0,1,0,0,0,0,-10,-10,-56,-63,-105,-106,-105,-106,-114,-115,-107,-100,-127,-135,-150,-111,-110,-89,-146,-137,-135,-152,-139,-154,-151,-133,-135,-141]} 1. e4 c6 2. Nc3 d5 3. Nf3 Bg4 4. d4 e6 5. h3 Bxf3 6. Qxf3 dxe4 7. Qxe4 {B11: Caro-Kann: Two Knights Variation} (7. Nxe4 Qxd4 8. c3 Qd5 9. Bd3 Nd7 10. Qe2 Nc5 11. Bc2 Nxe4 12. Bxe4 Qd7 13. O-O Nf6 14. Bf3 Bd6 15. Rd1 {½-½ (30) Nepomniachtchi,I (2767)-Anand,V (2779) Doha 2016}) 7... Nf6 8. Qe3 {LiveBook: 3 Games} (8. Qh4 {NOTEXT} Bd6 9. Bd3 Nbd7 10. O-O h6 11. Ne4) 8... g6 $146 ({Find the theoretical novelty and annotate with similar games:} 8... Bb4 9. Bd2 Nd5 10. Nxd5 Bxd2+ 11. Qxd2 Qxd5 12. c4 Qd6 13. O-O-O Nd7 14. g3 O-O {½-½ (37) Filipovic,B (2421)-Bakre,T (2522) Biel 2011}) 9. Ne4 {White has an edge.} Nxe4 10. Qxe4 Bg7 11. c3 Qd5 12. Qc2 Nd7 13. Bd3 O-O 14. Be4 Qd6 15. O-O Rfe8 16. Rd1 Rad8 17. Bg5 Bf6 18. Be3 Nb6 {[%cal Bd7b6,Bb6c8,Bc8d6][%mdl 32]} 19. Qb3 Qc7 20. c4 Nc8 21. Bf3 Nd6 22. g4 b5 23. cxb5 (23. c5 {NOTEXT} Nc4 24. a4 a5 25. axb5 cxb5 26. Bg2) 23... Nxb5 24. Qc4 (24. Qa4 $5 {[%cal Ra1c1]} Qd6 25. Rac1 Nxd4 26. Bxc6 $11) 24... Nxd4 25. Bxd4 Qf4 $1 {[%csl LRd4,LRf3][%cal Rf6d4]} 26. Bxc6 Bxd4 27. Qe2 Rf8 28. Bg2 e5 29. Rac1 f5 30. gxf5 Rxf5 {[%cal Rd4f2]} 31. Rf1 Rdf8 32. Rc2 (32. Kh1 $142) 32... Qh4 $17 {White must now prevent ...Rxf2.Black is clearly better.} ({Don't play} 32... Qg3 33. Qc4+ R8f7 34. Qxd4 $11) 33. Qe4 Rf4 34. Qd5+ Kh8 {[%cal Rf4f2]} 35. Kh2 Rxf2 36. Rfxf2 Rxf2 {Precision: White = 49%, Black = 74%.} 0-1

[Event "Winter 2018 CCCSA-GM A"]
[Site "Charlotte"]
[Date "2018.01.11"]
[Round "4"]
[White "Escobar Forero, Alder"]
[Black "Brodsky, David"]
[Result "1-0"]
[WhiteElo "2482"]
[BlackElo "2405"]
[Annotator "TA"]
[PlyCount "153"]
[EventDate "2018.01.11"]
[EventType "tourn"]
[EventCountry "USA"]
[SourceTitle "playchess.com"]
[Source "ChessBase"]
[SourceQuality "1"]

{[%evp 14,153,6,-1,0,0,41,35,56,17,23,33,16,7,8,14,38,31,28,31,29,26,69,68,60,40,45,25,35,35,51,50,49,58,56,54,54,50,66,44,52,54,54,59,54,34,40,27,33,28,36,42,60,58,94,85,146,151,206,206,206,206,259,271,260,272,279,244,233,240,209,201,188,177,332,340,344,328,376,376,376,373,381,369,375,370,373,370,375,360,375,375,375,359,625,577,781,686,854,839,1177,1272,789,1410,1143,999,654,479,3902,2068,2570,2117,3227,4779,2907,2190,6104,4782,4746,974,29980,29981,29981,29982,29982,29982,29982,29981,29981,29981,29982,29981,29984,29984,29984,29985,29985,29986,29986,29987,29986,29987]} 1. e4 c6 2. d3 d5 3. Nd2 g6 4. Ngf3 Bg7 5. g3 e5 6. Bg2 Ne7 7. O-O O-O 8. b4 {LiveBook: 60 Games} dxe4 {B10: Caro-Kann: 2 d3 and 2 c4} (8... a5 9. bxa5 Qxa5 10. Bb2 d4 11. Nb3 Qc7 12. c3 dxc3 13. Bxc3 c5 14. Nfd2 b5 15. Qc2 Na6 16. Rfc1 Be6 17. Nf1 Nc6 18. Ne3 {0-1 (43) Radjabov,T (2751)-Cheparinov,I (2696) Baku 2008}) 9. dxe4 ({Much worse is} 9. Nxe4 f5 $17) 9... Bg4 $146 ({Predecessor:} 9... Na6 10. a3 Nc7 11. Bb2 f6 12. Qe2 Be6 13. Rad1 Qe8 14. Nc4 Nc8 15. Nfd2 Nb5 16. f4 Ncd6 17. fxe5 fxe5 18. Rxf8+ Qxf8 19. Rf1 Qd8 20. Kh1 Nxc4 21. Nxc4 Nd4 22. Qd3 {½-½ (22) Tischbierek,R (2315)-Babrikowski,P (2320) Suhl 1979}) 10. Nc4 Qc7 {White is slightly better.} 11. Bb2 {[%cal Rb2e5]} Rd8 12. Qe2 Nd7 13. h3 Bxf3 14. Bxf3 Nb6 15. Rad1 Rxd1 16. Rxd1 Nxc4 17. Qxc4 Rd8 18. Rxd8+ Qxd8 19. h4 Nc8 20. a4 Qd2 21. Kf1 Nb6 22. Qb3 Nd7 23. Bc3 Qd6 $1 24. Be2 Nf6 25. Qc4 Nd7 26. h5 Nf8 27. Bg4 Qe7 28. Bd2 Nd7 29. h6 Bf8 30. c3 Nf6 31. Bh3 Ne8 32. Be3 a6 33. Qd3 g5 34. Bc8 Qd6 (34... Qc7 $142 35. Bf5 Bxh6) 35. Ke2 $16 Qxd3+ (35... Qe7 $16 36. Qd2 Qc7) 36. Kxd3 {[%mdl 4096] Endgame KBB-KBN} Nd6 37. Bd7 Bxh6 38. c4 $1 {[%cal Bc3c4,Bc4c5][%mdl 32]} Kf8 39. c5 Ke7 40. Bg4 Ne8 41. Bc8 Nc7 42. Bxb7 Kd7 43. Ke2 f6 $2 {[#]} (43... Bf8 44. Bxg5 a5) 44. Kf3 $1 $18 Bf8 {[#]} 45. Kg4 $1 Be7 46. a5 Bf8 47. Kh5 Bg7 48. Bd2 Bf8 49. f4 gxf4 50. gxf4 exf4 51. Bxf4 Ne6 52. Be3 Nc7 53. Bd4 Be7 $2 (53... Bg7 54. Bb2 Ne6 55. Bxa6 Nf4+ 56. Kh4 Ng6+ 57. Kg3 Ne5) 54. Kh6 Ne6 55. Be3 Ng5 56. Bxa6 Nxe4 57. Kxh7 Bd8 58. Kg6 Bc7 59. Bd3 {Hoping for a6.} Nc3 60. Bf5+ Kd8 (60... Ke7 $142 61. a6 Bb8) 61. a6 {a7 would kill now.} Bb8 62. Bd2 Nd5 63. Be6 Nc7 64. Bc4 Ne8 65. Kf7 Nc7 66. Kxf6 (66. Bc3 $142 Kd7 67. Bxf6) 66... Ba7 67. Kf7 {White mates.} Kd7 68. Be3 Kd8 69. Bd4 Kd7 70. Bf2 Kd8 71. Bh4+ Kd7 72. Be7 Bb8 73. Be2 Nb5 74. Bxb5 cxb5 {[#]} 75. Bd6 $1 Ba7 (75... Bxd6 76. cxd6) 76. Kf6 Kc6 77. Ke5 {Precision: White = 80%, Black = 39%.} 1-0

[Event "Winter 2018 CCCSA-GM A"]
[Site "Charlotte"]
[Date "2018.01.11"]
[Round "4"]
[White "Kaliksteyn, Alexander"]
[Black "Korley, Kassa"]
[Result "0-1"]
[WhiteElo "2425"]
[BlackElo "2387"]
[Annotator "TA"]
[PlyCount "48"]
[EventDate "2018.01.11"]
[EventType "tourn"]
[EventCountry "USA"]
[SourceTitle "playchess.com"]
[Source "ChessBase"]
[SourceQuality "1"]

{[%evp 17,48,23,29,0,0,0,4,-21,-13,-25,-6,-25,-18,-18,-8,-181,-169,-173,-162,-177,-177,-184,-204,-185,-150,-198,-192,-186,-169,-263,-185,-249,-211]} 1. c4 e6 2. Nc3 d5 3. d4 a6 4. cxd5 exd5 5. Nf3 Nf6 6. Bg5 {D37: Queen's Gambit Declined: 5 Bf4} Be6 7. e3 Nbd7 8. Bd3 Bd6 9. O-O (9. Bf4 Qe7 10. O-O O-O 11. h3 Rfe8 12. Qc2 {½-½ (12) Aronian,L (2805)-Carlsen,M (2837) Riadh 2017}) 9... O-O {LiveBook: 18 Games} 10. e4 dxe4 11. Bxe4 Qb8 (11... h6 $5 {[%cal Rh6g5]} 12. Bxf6 Nxf6 $11) 12. Qd3 $146 ({Predecessor:} 12. d5 Bg4 13. h3 Bh5 {0-1 (55) Faizrakhmanov,R (2432)-Grachev,B (2650) Moscow 2017}) 12... Nxe4 13. Qxe4 Re8 14. d5 Nc5 15. Qd4 Bf5 {next ...Nd3 is good for Black.} 16. Rfe1 $2 {[#]} (16. Nh4 $11 {and White stays safe.} Qc8 17. Bf4) 16... Nd3 $1 $19 {...Rxe1+ is the strong threat.} 17. Rxe8+ Qxe8 18. Bh4 {[#]} b5 $1 {[%cal Bb7b5,Bb5b4][%mdl 32] aiming for ...Bc5.} ({Don't do} 18... Nxb2 19. Bg3 $17) 19. Bg3 {Strongly threatening Bxd6.} Bc5 20. Qh4 b4 $36 {[%mdl 2048] Black is on the roll.} 21. Nb1 Nxb2 22. Nbd2 Nd3 23. Qc4 (23. Nb3 $142 Bb6 24. Nbd4) 23... Qb5 24. Qh4 (24. Ne1 $142) 24... Bb6 {Precision: White = 27%, Black = 50%.} 0-1

[Event "Winter 2018 CCCSA-GM A"]
[Site "Charlotte"]
[Date "2018.01.11"]
[Round "4"]
[White "Wang, Kevin"]
[Black "Bartholomew, John"]
[Result "1/2-1/2"]
[WhiteElo "2380"]
[BlackElo "2459"]
[Annotator "TA"]
[PlyCount "46"]
[EventDate "2018.01.11"]
[EventType "tourn"]
[EventCountry "USA"]
[SourceTitle "playchess.com"]
[Source "ChessBase"]
[SourceQuality "1"]

{[%evp 13,46,3,13,-6,60,61,58,58,58,60,55,67,58,58,88,75,106,79,76,45,52,39,63,71,67,66,64,47,45,0,0,0,0,0,5]} 1. d4 d5 2. c4 c6 {[%cal Bc7c6,Bc6d5][%mdl 32]} 3. cxd5 cxd5 4. Bg5 Nc6 5. Nc3 f6 6. Bd2 {D10: Slav Defence: 3 cxd5 (without early Nf3) and 3 Nc3} e5 7. e4 Nxd4 {LiveBook: 3 Games} 8. Nxd5 Be6 $146 (8... Ne7 $11 9. Ne2 Nxe2 10. Qxe2 Nxd5 11. Qb5+ Qd7 12. exd5 a6 13. Qxd7+ Bxd7) ({Predecessor:} 8... Ne7 9. Bc4 Nxd5 10. Bxd5 Be6 11. Bxe6 Nxe6 {½-½ (49) Moiseenko,A (2667)-Ivanchuk,V (2726) Riadh 2017}) 9. Nf3 $14 Nxf3+ 10. Qxf3 Bxd5 11. exd5 Bd6 12. Bb5+ {[%cal Bf1b5,Bb5a4,Ba4b3,Bb3c4,Bc4d3][%mdl 32]} Kf8 13. O-O a6 14. Ba4 Ne7 15. Qh3 b5 16. Bb3 Qc8 $1 17. Qd3 Qf5 18. Qe2 $36 {[%mdl 2048] White has strong initiative.} Kf7 19. a4 bxa4 20. Rxa4 Rhb8 21. Bc4 ({Of course not} 21. Rxa6 Rxa6 22. Qxa6 Rxb3 $15) 21... Rxb2 {[#] White must now prevent ...Qc2.The position is equal.} 22. Bd3 Qd7 23. Rh4 Rh8 $1 1/2-1/2

[Event "Winter 2018 CCCSA-GM A"]
[Site "Charlotte"]
[Date "2018.01.13"]
[Round "5"]
[White "Panchanathan, Magesh Chandran"]
[Black "Kaliksteyn, Alexander"]
[Result "1/2-1/2"]
[WhiteElo "2486"]
[BlackElo "2425"]
[Annotator "TA"]
[PlyCount "139"]
[EventDate "2018.01.11"]
[EventType "tourn"]
[EventCountry "USA"]
[SourceTitle "playchess.com"]
[Source "ChessBase"]
[SourceQuality "1"]

{[%evp 22,139,45,44,70,69,79,88,81,66,75,72,78,60,58,60,59,59,45,44,48,11,12,22,2,8,35,27,44,-33,17,19,25,13,84,83,109,107,103,115,109,112,101,75,141,141,129,126,141,101,122,119,133,127,168,157,172,186,489,492,440,460,416,408,381,377,350,162,170,0,0,0,0,0,0,0,0,0,8,0,0,0,0,0,29941,5094,12847,5089,5089,5087,29940,29950,29951,29952,29952,29948,12832,12847,12650,12097,4891,3028,592,0,0,0,0,0,0,0,0,0,0,0,0,0,0,0,0,0]} 1. Nf3 Nf6 2. g3 g6 3. Bg2 Bg7 4. O-O O-O 5. d4 d6 6. b3 Nbd7 7. Bb2 e5 8. dxe5 Ng4 9. Qd2 Ngxe5 10. c4 Nxf3+ 11. Bxf3 Bxb2 12. Qxb2 {LiveBook: 6 Partien} Qe7 {A49: Königsindisch (ohne c2-c4)} 13. Nc3 c6 14. Rad1 f5 {Weiß steht besser.} 15. Rd4 Ne5 16. Bg2 Be6 17. Rfd1 Nf7 {[#]} 18. e4 $146 ({Vorgänger:} 18. Qd2 Qf6 19. e4 Rae8 20. h3 {1-0 (41) Ribli,Z (2605)-Graf,J (2425) Germany 1990}) 18... Rae8 19. Qd2 g5 20. f4 gxf4 21. Qxf4 Ng5 22. e5 (22. Rxd6 fxe4 23. Qe3 Bh3 $17) 22... dxe5 23. Qxe5 Qf7 24. Qf4 Qg7 25. Ne2 (25. Qd2 $14) 25... Bxc4 26. Rd7 Bf7 27. Nd4 $36 {[%mdl 2048] Weiss hat Initiative.} Qf6 (27... Rd8 $1 $11 28. Nxf5 Rxd7 29. Rxd7 Qa1+ 30. Kf2 Qb2+ 31. Ke3 Qc3+ 32. Kf2 Qc5+ 33. Kf1 Bg6 34. Bd5+ cxd5 35. Ne7+ Kg7 36. Nf5+ Kg8 37. Ne7+ Kg7 38. Nf5+ Kg8) 28. h4 $1 $16 {[%cal Rh4g5]} (28. Nxf5 Bh5 $14) (28. Rxb7 $6 Bh5 $15) 28... Ne4 29. Nxf5 Bd5 30. Ne7+ Kh8 {Und ...De6 würde nun gewinnen.} 31. Nxd5 cxd5 32. Qxf6+ Nxf6 (32... Rxf6 $142 33. R1xd5 Nxg3) 33. Rxb7 Re3 34. Rxa7 ({Natürlich nicht} 34. Bxd5 $6 Rd8 $11) 34... Rxg3 35. Rf1 $1 d4 36. Rf3 Rg4 37. a4 Rfg8 38. Rxf6 Rxg2+ $18 {[%mdl 4096] Endspiel KTT-KTT} 39. Kf1 d3 $2 (39... Rb2 40. Rff7 Rc8 41. Rxh7+ Kg8) 40. Rff7 $1 {[%csl Ga7][%cal Rf7h7]} Rg1+ 41. Kf2 {[%csl Ga7][%cal Rf7h7]} R8g2+ 42. Ke3 Rg3+ 43. Kf4 Rg4+ 44. Kf5 ({Viel schwächer ist} 44. Ke3 Rxh4 45. Rf8+ (45. Kxd3 Rg3+ 46. Ke2 h5 $18) 45... Rg8 $18) (44. Ke5 $142) 44... Rxh4 45. Rf8+ $2 (45. Rfd7 $1 $18) 45... Rg8 $11 46. Rxg8+ Kxg8 {KT-KT} 47. Rd7 Rh3 $1 48. Kg4 Re3 $1 49. Kf4 Rh3 $1 50. a5 d2 $1 51. Rxd2 Rxb3 52. Ra2 Rb7 $2 {[%mdl 8192]} (52... Kf7 $11) 53. a6 Ra7 54. Ke5 $1 {[%cal Re5d5]} Kf7 {[#]} 55. Kd6 $1 {[%cal Rd6c5]} Kg6 {[#]} 56. Ra5 $1 h5 57. Kc6 h4 58. Kb6 Ra8 59. Kb7 Rf8 60. a7 Rf7+ 61. Kb6 Rf8 62. a8=Q $2 ({Günstiger ist} 62. Rb5 $18 h3 63. Rb3) 62... Rxa8 {Die Stellung ist ausgeglichen.} 63. Rxa8 {KT-KB} Kg5 64. Kc5 h3 65. Kd4 Kf4 66. Rf8+ Kg3 67. Ke3 {Droht Matt per Tg8+.} Kg2 $1 68. Rg8+ Kf1 $1 69. Rh8 Kg2 70. Rg8+ {Precision: Weiß = 71%, Schwarz = 54%.} 1/2-1/2